Legrand Y., Découvrir l’amour. L’accompagnement vers le Baptême, coll. Cahiers de l’École cathédrale 56, Paris, Parole et Silence, 2002, 21x14, 114 p., 12.50 €. ISBN 2-84573-158-2 (notice n° 1620530)
[ vue normale ]
| 000 -LEADER | |
|---|---|
| fixed length control field | 00597cam a2200133 4500500 |
| 005 - DATE AND TIME OF LATEST TRANSACTION | |
| control field | 20260111091205.0 |
| 041 ## - LANGUAGE CODE | |
| Language code of text/sound track or separate title | fre |
| 042 ## - AUTHENTICATION CODE | |
| Authentication code | dc |
| 245 00 - TITLE STATEMENT | |
| Title | Legrand Y., Découvrir l’amour. L’accompagnement vers le Baptême, coll. Cahiers de l’École cathédrale 56, Paris, Parole et Silence, 2002, 21x14, 114 p., 12.50 €. ISBN 2-84573-158-2 |
| 260 ## - PUBLICATION, DISTRIBUTION, ETC. | |
| Date of publication, distribution, etc. | 2005.<br/> |
| 500 ## - GENERAL NOTE | |
| General note | 7 |
| 786 0# - DATA SOURCE ENTRY | |
| Note | Nouvelle revue théologique | 127 | 1 | 2005-01-03 | p. 156n-165n | 0029-4845 |
| 856 41 - ELECTRONIC LOCATION AND ACCESS | |
| Uniform Resource Identifier | <a href="https://shs.cairn.info/revue-nouvelle-revue-theologique-2005-1-page-156n?lang=fr&redirect-ssocas=7080">https://shs.cairn.info/revue-nouvelle-revue-theologique-2005-1-page-156n?lang=fr&redirect-ssocas=7080</a> |
Pas d'exemplaire disponible.




Réseaux sociaux